Central Library OPAC University of Rajshahi

মায়া, আজটেক ও ইনকা সভ্যতা / (Record no. 45042)

MARC details
000 -LEADER
fixed length control field 01228nam a2200289 a 4500
001 - CONTROL NUMBER
control field 45042
003 - CONTROL NUMBER IDENTIFIER
rucl marc code BD-RjUL
005 - DATE AND TIME OF LATEST TRANSACTION
control field 20211209053944.0
008 - FIXED-LENGTH DATA ELEMENTS--GENERAL INFORMATION
fixed length control field 190324s1985 bg a|||| |||| 00| 0 ben d
020 ## - INTERNATIONAL STANDARD BOOK NUMBER
Terms of availability : Tk. 15.00
035 ## - SYSTEM CONTROL NUMBER
System control number (BD-RjUL)45160
040 ## - CATALOGING SOURCE
Original cataloging agency BD-RjUL
Language of cataloging ben
Transcribing agency BD-RjUL
Modifying agency BD-RjUL
041 ## - LANGUAGE CODE
Language code of text/sound track or separate title ben
082 ## - DEWEY DECIMAL CLASSIFICATION NUMBER
Edition number 23
Classification number 909.04974
Author mark and year HAM 1985
100 1# - MAIN ENTRY--PERSONAL NAME
Personal name হালিম, আবদুল
9 (RLIN) 229566
245 10 - TITLE STATEMENT
Title মায়া, আজটেক ও ইনকা সভ্যতা /
Statement of responsibility, etc. আবদুল হালিম
260 ## - PUBLICATION, DISTRIBUTION, ETC. (IMPRINT)
Place of publication, distribution, etc. ঢাকা:
Name of publisher, distributor, etc. বাংলা একাডেমী,
Date of publication, distribution, etc. ১৯৮৫
300 ## - PHYSICAL DESCRIPTION
Pagination ৮৯, [১] পৃ. :
Illustrations চিত্র ;
Size ১৯ সেমি.
490 ## - SERIES STATEMENT
Series statement ভাষা-শহীদ গ্রন্থমালা
Series statement বা/এ ;
Volume/sequential designation ১৭৩২
504 ## - BIBLIOGRAPHY, ETC. NOTE
Bibliography, etc গ্রন্থপঞ্জি বইয়ের শেষে রয়েছে
650 ## - SUBJECT ADDED ENTRY--TOPICAL TERM
Topical term or geographic name as entry element সভ্যতা
Form subdivision ইতিহাস
Geographic subdivision প্রাচীন আমেরিকা
9 (RLIN) 229567
Topical term or geographic name as entry element Civilization
Form subdivision History
Geographic subdivision Ancient America
9 (RLIN) 229568
830 ## - SERIES ADDED ENTRY--UNIFORM TITLE
Uniform title ভাষা-শহীদ গ্রন্থমালা
Uniform title বা/এ ;
Volume number/sequential designation ১৭৩২
942 ## - ADDED ENTRY ELEMENTS (KOHA)
Source of classification or shelving scheme Dewey Decimal Classification
Koha item type Rare Books
Holdings
Lost status Source of classification or shelving scheme Damaged status Not for loan Collection code Permanent Location Current Location Shelving location Date acquired Source of acquisition Cost, normal purchase price Total Checkouts Full call number Date last seen Copy number Koha item type
  Dewey Decimal Classification   Not For Loan Rare Books Central Library, University of Rajshahi Central Library, University of Rajshahi Rare Book Section 29/03/1987 Dhaka, Bangla Academy 15.00   BRA 909.04974 HAM 1985 24/03/2019 C-1 Rare Books